000 00511nam a2200205Ia 4500
008 240509s9999 xx 000 0 und d
020 _a0008177584146
041 _aEng
082 _a005.52
082 _bL15
100 _aLAMPORT, L.:
245 0 _aLATEX : A DOCUMENT PREPARATION SYSTEM : USER'S GUIDE AND REFERENCE MANUAL
250 _a2nd ed.
260 _bPEARSON EDUCATION
260 _c2006
300 _a272 p.
650 _aLATEX : WORD PROCESSING :MS WORD
942 _2ddc
942 _cRBK
999 _c22160
_d22160
945 _a1
_bMadushi Gamage
_c1
_dMadushi Gamage